00376pab a2200145 454500008004000000100001900040245006300059260000900122300001300131362001200144650002500156650002300181650001500204773001100219180718b2004 xxu||||| |||| 00| 0 eng d aHerdenia, L.S. aThe spirit of secularism in Indian polity: a point of view c2004 ap.31-33. aOct-Dec aIndia - Constitution aSecularism - India aSecularism aAlpjan